| 000 | 00504nam a2200181Ia 4500 | ||
|---|---|---|---|
| 003 | LK-CoDNM | ||
| 005 | 20240828120526.0 | ||
| 008 | 010623t1939 xxu||||| |||| 00| 1 eng d | ||
| 040 |
_aLK-CoDNM _dLK-CoDNM _eLK-CoDNM |
||
| 041 | _aeng | ||
| 080 |
_a22 _bT8 |
||
| 100 | _aSharma,Har. | ||
| 245 | _aDescriptive Catalogue of the Government Collections of Manuscripts | ||
| 260 |
_bBhandarkar Oriental Research Institute _aPoona _c1939 |
||
| 300 | _bxx, 416p. : 22 cm | ||
| 650 | _aVaidyaka | ||
| 942 | _cBK | ||
| 999 |
_c99214 _d99214 |
||